[Event "Domloup op-A"]
[Site "Domloup"]
[Date "2013.08.30"]
[Round "3"]
[White "Le Henaff, Julien"]
[Black "Lechartre, Victorien"]
[Result "0-1"]
[WhiteElo "1864"]
[BlackElo "1701"]
[PlyCount "64"]
[EventDate "2013.08.30"]
[EventType "swiss"]
[EventRounds "5"]
[EventCountry "FRA"]
[SourceTitle "CBM 156 Extra"]
[Source "ChessBase"]
[SourceDate "2013.10.22"]
[SourceVersion "1"]
[SourceVersionDate "2013.10.22"]
[SourceQuality "1"]

1. e4 c5 2. Nc3 Nc6 3. f4 e6 4. Nf3 g6 5. Be2 Bg7 6. 0-0 Nge7 7. d3 d5 8. Qe1 Bd7 9. Kh1 Qc7 10. Nb5 Qb8 11. e5 Nc8 12. c3 a6 13. Na3 N6e7 14. Qf2 b6 15. d4 c4 16. b3 cxb3 17. axb3 b5 18. b4 Na7 19. Ne1 Qc7 20. Bb2 h5 21. Nd3 Nf5 22. Nc5 Qc8 23. Nb1 Nc6 24. Nd2 Kd8 25. Ndb3 Kc7 26. Ra2 Kb6 27. Rfa1 Nb8 28. Bc1 h4 29. Qf1 Ng3+ 30. hxg3 hxg3+ 31. Kg1 Rh1+ 32. Kxh1 Qh8+ 0-1

[Event "Rennes Masters op"]
[Site "Rennes"]
[Date "2013.04.01"]
[Round "5"]
[White "Lechartre, Victorien"]
[Black "Colleter, Christian"]
[Result "0-1"]
[WhiteElo "1655"]
[BlackElo "1761"]
[PlyCount "41"]
[EventDate "2013.03.30"]
[EventType "tourn"]
[EventRounds "7"]
[EventCountry "FRA"]
[SourceTitle "EXT 2014"]
[Source "ChessBase"]
[SourceDate "2013.11.20"]
[SourceVersion "1"]
[SourceVersionDate "2013.11.20"]
[SourceQuality "1"]

1. d4 d5 2. c4 c6 3. Nf3 Nf6 4. Nc3 e6 5. Bg5 Nbd7 6. e3 Qa5 7. Qc2 Ne4 8. Bd3 Nxg5 9. Nxg5 dxc4 10. Bxc4 Qxg5 11. 0-0 Be7 12. f4 Qa5 13. f5 Nf6 14. e4 exf5 15. e5 Nd5 16. Nxd5 cxd5 17. b4 Qxb4 18. Bd3 Qxd4+ 19. Kh1 0-0 20. Bxf5 Bxf5 21. Rxf5 0-1